000 00614nam a2200241Ia 4500
003 OSt
005 20221007071759.0
006 a|||||r|||| 00| 0
007 ta
008 221006b |||||||| |||| 00| 0 eng d
024 _a26,662
037 _cTextual
040 _aFLL
_cFLL
_beng
041 _2eng
_aeng
082 _aZ3:5y7M67, G6
100 _aMaugham Lord
_9689416
245 0 _aTichborne case
250 _a1st
260 _aLondon
_bHodder & Stoughton London
_c1936
300 _a1-384p
_ccm.
942 _hZ3:5y7M67, G6
_cTEXL
_2CC
999 _c1144311
_d1144311